[Event "CHN-chT Div A KO"]
[Site "Liaocheng"]
[Date "2023.02.07"]
[Round "2.4"]
[White "Xu, Yi"]
[Black "Peng, Xiongjian"]
[Result "0-1"]
[WhiteElo "2510"]
[BlackElo "2455"]
[PlyCount "70"]
[EventDate "2023.02.06"]
[EventType "team-k.o."]
[EventRounds "6"]
[EventCountry "CHN"]
[SourceTitle "CBM 212 Extra"]
[Source "ChessBase"]
[SourceDate "2023.03.31"]
[SourceVersion "1"]
[SourceVersionDate "2023.03.31"]
[SourceQuality "1"]
[WhiteTeam "Shanghai"]
[BlackTeam "Chongqing Jiulongpo"]
[WhiteTeamCountry "CHN"]
[BlackTeamCountry "CHN"]

1. e4 c5 2. Nf3 d6 3. Bb5+ Bd7 4. Bxd7+ Qxd7 5. c4 Nc6 6. Nc3 g6 7. d4 cxd4 8. Nxd4 Nf6 9. f3 Bg7 10. Be3 0-0 11. 0-0 a6 12. Qd3 Rfc8 13. b3 b5 14. cxb5 Ne5 15. Qd2 d5 16. Nxd5 Nxd5 17. exd5 axb5 18. Ne2 b4 19. Rac1 Qb5 20. Rxc8+ Rxc8 21. Rc1 Rd8 22. Rc5 Qa6 23. Nd4 h5 24. Qxb4 Nd3 25. Qa5 Nxc5 26. Qxd8+ Kh7 27. Qxe7 Qd3 28. Nc6 Qd1+ 29. Kf2 Nd3+ 30. Kg3 Qf1 31. Bd4 Bxd4 32. Qxf7+ Kh6 33. Kh3 Nf2+ 34. Kg3 h4+ 35. Kxh4 Qxg2 0-1

[Event "CHN-chT Div-A"]
[Site "Fuling"]
[Date "2022.09.16"]
[Round "9.4"]
[White "Peng, Xiongjian"]
[Black "Xu, Jun"]
[Result "1-0"]
[WhiteElo "2454"]
[BlackElo "2474"]
[PlyCount "139"]
[EventDate "2022.09.06"]
[EventType "team-tourn"]
[EventRounds "11"]
[EventCountry "CHN"]
[SourceTitle "CBM 210 Extra"]
[Source "ChessBase"]
[SourceDate "2022.11.30"]
[SourceVersion "1"]
[SourceVersionDate "2022.11.30"]
[SourceQuality "1"]
[WhiteTeam "Chongqing Jiulongpo"]
[BlackTeam "Jiangsu"]
[WhiteTeamCountry "CHN"]
[BlackTeamCountry "CHN"]

1. e4 c5 2. Nf3 d6 3. d4 cxd4 4. Nxd4 Nf6 5. Nc3 a6 6. Be3 Ng4 7. Bc1 Nf6 8. Be3 Ng4 9. Bg5 h6 10. Bh4 g5 11. Bg3 Bg7 12. Qd2 Nc6 13. Nb3 Be6 14. f3 Nge5 15. Nd5 b5 16. Bf2 Rc8 17. Nd4 Nxd4 18. Bxd4 0-0 19. Ne3 Ng6 20. a4 bxa4 21. Bxg7 Kxg7 22. Bxa6 Rb8 23. Qd4+ Ne5 24. Rxa4 Qb6 25. b3 Bd7 26. Qxb6 Rxb6 27. Nd5 Rbb8 28. Ra1 f5 29. exf5 Bxf5 30. Ne3 e6 31. Be2 Bg6 32. Ra7+ Rf7 33. Rxf7+ Kxf7 34. Kd2 d5 35. Ra1 Rb7 36. Ra4 Nd7 37. Ra5 Ke7 38. Bd3 Bxd3 39. Kxd3 Ne5+ 40. Kd2 h5 41. Ra4 Ng6 42. Ra8 h4 43. Ng4 Kf7 44. g3 hxg3 45. hxg3 Kg7 46. Re8 Kf7 47. Rc8 Kg7 48. Re8 Kf7 49. Rd8 Kg7 50. Rd6 Kf7 51. Kd3 Ke7 52. Rc6 Kd7 53. Ra6 Ke7 54. Kd4 Rc7 55. c3 Rb7 56. b4 Rc7 57. b5 Rc4+ 58. Kd3 Rc5 59. Rb6 Rc8 60. Ra6 Rc5 61. b6 Kd7 62. Kd2 Rb5 63. Kc2 Kd6 64. b7+ Ke7 65. Ra7 Kd6 66. Nf6 Kc7 67. Ne8+ Kb8 68. Ra6 Kxb7 69. Rxe6 Rb6 70. Nd6+ 1-0

[Event "CHN-chT Div-A"]
[Site "Fuling"]
[Date "2022.09.06"]
[Round "1.5"]
[White "Ma, Zhonghan"]
[Black "Peng, Xiongjian"]
[Result "1-0"]
[WhiteElo "2485"]
[BlackElo "2454"]
[PlyCount "133"]
[EventDate "2022.09.06"]
[EventType "team-tourn"]
[EventRounds "11"]
[EventCountry "CHN"]
[SourceTitle "CBM 210 Extra"]
[Source "ChessBase"]
[SourceDate "2022.11.30"]
[SourceVersion "1"]
[SourceVersionDate "2022.11.30"]
[SourceQuality "1"]
[WhiteTeam "Qingdao"]
[BlackTeam "Chongqing Jiulongpo"]
[WhiteTeamCountry "CHN"]
[BlackTeamCountry "CHN"]

1. Nf3 Nf6 2. c4 e6 3. g3 d5 4. Bg2 Be7 5. 0-0 0-0 6. d4 dxc4 7. Qc2 a6 8. a4 Nc6 9. Qxc4 Qd5 10. Nbd2 Rd8 11. e3 Qh5 12. b3 e5 13. dxe5 Ng4 14. h3 Ngxe5 15. Nxe5 Qxe5 16. Rb1 Bf5 17. Bb2 Qa5 18. Ne4 Qb6 19. Qc3 f6 20. Qc4+ Kh8 21. Ng5 Rf8 22. Nf7+ Rxf7 23. Qxf7 Rf8 24. Qd5 Bxb1 25. Rxb1 Bd6 26. Be4 Ne7 27. Qh5 g6 28. Qh6 Rf7 29. Bd3 Ng8 30. Qh4 Qb4 31. Qc4 Re7 32. Rd1 Kg7 33. Bc3 Qxc4 34. Bxc4 Nh6 35. a5 Nf7 36. Bd5 Nd8 37. g4 h6 38. Kg2 g5 39. Kf3 Nc6 40. Bxc6 bxc6 41. Rc1 Re6 42. Bd2 Be7 43. Rc4 Kf7 44. Re4 Ba3 45. Rxe6 Kxe6 46. Ke4 c5 47. Kd3 Bb2 48. Kc4 Kd6 49. f3 Kc6 50. Be1 Be5 51. h4 Bb2 52. h5 Be5 53. Bd2 Bb2 54. f4 Kd6 55. e4 Ba1 56. e5+ fxe5 57. fxg5 hxg5 58. Bxg5 Ke6 59. Kxc5 Bc3 60. b4 e4 61. Be3 Be1 62. h6 Kf7 63. Kc4 c6 64. Kc5 Kg6 65. Kxc6 Bxb4 66. Kb6 Bf8 67. g5 1-0